000 00466 a2200157 4500
999 _c2113
_d2113
020 _a9781420090567
050 _aHG6024.5 WU 2009
100 _aWu Lixin
245 _aInterest rates modelling:
_btheory and practice/
_cLixin Wu
264 _aNew York:
_bCRC press.,
_c2009
300 _axix., 329pgs
440 _aChapman and hall/ CRC financial mathematics series
500 _aIncludes index
650 _aFinancial management
942 _2lcc
_cBK
_h6024.5
_iWU
_kHG